书目信息 |
| 题名: |
教师职业道德
|
|
| 作者: | 龚乐进 张贵仁 王忠桥 主编 ;何兆武 李约瑟 译 | |
| 分册: | ||
| 出版信息: | 北京 北京师范学院出版社 1992 |
|
| 页数: | 245 | |
| 开本: | 18cm | |
| 丛书名: | ||
| 单 册: | ||
| 中图分类: | B828.2 | |
| 科图分类: | ||
| 主题词: | 伦理学 | |
| 电子资源: | ||
| ISBN: | 7-81014-612-2 | |
| 000 | 00708nam0 2200193 450 | |
| 001 | 0760515518 | |
| 005 | 20070817164835.51 | |
| 010 | @a7-81014-612-2@d¥3.50 | |
| 100 | @a20070817d km y0chiy0120 ea | |
| 101 | 0 | @achi |
| 200 | 1 | @a教师职业道德@Ajiao shi zhi ye dao de@f龚乐进 张贵仁 王忠桥主编@Fgong yue jin zhang gui ren wang zhong qiao zhu bian@g何兆武 李约瑟译@Ghe zhao wu li yue se yi |
| 210 | @a北京@c北京师范学院出版社@d1992 | |
| 215 | @a245@d18cm | |
| 606 | 0 | @a伦理学 |
| 690 | @aB828.2@v3 | |
| 701 | 0 | @a龚乐进 张贵仁 王忠桥@Agong yue jin zhang gui ren wang zhong qiao@4主编 |
| 702 | 0 | @a何兆武 李约瑟@Ahe zhao wu li yue se@4译 |
| 801 | 0 | @aCN@bPFT@c20070817 |
| 905 | @a213230@dB828.2@eg43@f1 | |
| 教师职业道德/龚乐进 张贵仁 王忠桥主编/何兆武 李约瑟译.-北京:北京师范学院出版社,1992 |
| 245;18cm |
| ISBN 7-81014-612-2:¥3.50 |
| ● |
| 相关链接 |
|
|
|
|
正题名:教师职业道德
索取号:B828.2/g43
 
预约/预借
| 序号 | 登录号 | 条形码 | 馆藏地/架位号 | 状态 | 备注 |
| 1 | 6502764 | 265027641 | 经管系资料室/ [索取号:B828.2/g43] | 在馆 |